000 01177cam a2200205 4500
001 ABS65899
008 020924n2002 000 0 eng u
035 _a(Sirsi) u119824
100 _aMinogue, A
245 _aIncident at an injunction
260 _c2002
490 _aBuilding
_v267(8244) 26 July 2002, 47(1)
520 _aExamines the issuing of injunctions in the construction industry, and the occasions when the claimant applies too late. Describes "Mark Gregory and Jacqueline Gregory v Court Royal Ltd and Castleoak (Tunbridge Wells)"[2002] where the claimant (M) was unaware of a restrictive covenant on a site being developed next door by the defendant (C). Once M became aware of the restrictive covenant he had an interim injunction issued against C but the judge ruled the works were too far along to make stopping practical. Concludes claimants should be aware of their rights and exercise them immediately.
590 _aABS
650 _aMARK GREGORY AND JACQUELINE GREGORY V COURT ROYAL LTD AND CASTLEOAK (TUNBRIDGE WELLS)
650 _aRESTRICTIVE COVENANTS
650 _aINJUNCTIONS
690 _aBUILDING AND CONSTRUCTION-CASE LAW
942 _n0
999 _c71207
_d71207